Lý thuyết lớp biên và phương pháp tính /
Spremljeno u:
| Glavni autor: | |
|---|---|
| Format: | Sách giấy |
| Jezik: | Vietnamese |
| Izdano: |
H. :
Khoa học và kỹ thuật,
2004
|
| Teme: | |
| Oznake: |
Dodaj oznaku
Bez oznaka, Budi prvi tko označuje ovaj zapis!
|
| Thư viện lưu trữ: | Thư viện Trường Đại học Đà Lạt |
|---|
| LEADER | 00805nam a2200313 4500 | ||
|---|---|---|---|
| 001 | DLU060051403 | ||
| 005 | ##20060303 | ||
| 040 | # | # | |a DLU |b vie |
| 041 | # | # | |a vie |
| 044 | # | # | |a vn |
| 082 | # | # | |a 532.051 |b HO-N |
| 100 | # | # | |a Hoàng Thị Bích Ngọc |
| 245 | # | # | |a Lý thuyết lớp biên và phương pháp tính / |c Hoàng Thị Bích Ngọc |
| 260 | # | # | |a H. : |b Khoa học và kỹ thuật, |c 2004 |
| 300 | # | # | |a 223 tr. ; |c 21 cm |
| 504 | # | # | |a Tài liệu tham khảo :tr.222-223 |
| 653 | # | # | |a Cơ học chất lỏng |
| 653 | # | # | |a Lớp biên |
| 653 | # | # | |a Lực ma sát |
| 923 | # | # | |a 66/2005 |
| 992 | # | # | |a 20.000 |
| 994 | # | # | |a DLU |
| 900 | # | # | |a True |
| 911 | # | # | |a Đào Thị Thu Huyền |
| 925 | # | # | |a G |
| 926 | # | # | |a A |
| 927 | # | # | |a SH |
| 980 | # | # | |a Thư viện Trường Đại học Đà Lạt |